| 000 | 007000000a22002410004500 | ||
|---|---|---|---|
| 003 | LK-CoMWRAF | ||
| 005 | 20230920110101.0 | ||
| 008 | 230817t2001 ||||| |||| 00| 0 eng d | ||
| 020 | _a8170369797 | ||
| 040 |
_aLK-CoMWRAF _dLK-CoMWRAF _eLK-CoMWRAF |
||
| 041 | _aeng | ||
| 082 |
_a305.8 _bPHA |
||
| 100 | _aPhadnis, Urmila | ||
| 245 | _aEthnicity And Nation-building In South Asia | ||
| 250 | _aRevised ed. | ||
| 260 |
_aNew Delhi: _bSage, _c2001 |
||
| 300 |
_a467 p. ; 23 cm. _bBibliography and index included |
||
| 650 | _aETHNICITY-South Asia | ||
| 650 | _aMULTICULTURALISM-South Asia | ||
| 650 | _aSouth Asia-Ethnic relations-Political aspects | ||
| 700 | _aGanguly, Rajat | ||
| 942 | _cBK | ||
| 999 |
_c422 _d422 |
||